[Event "Belgrade-chT"]
[Site "Belgrade"]
[Date "2013.10.18"]
[Round "7.2"]
[White "Vujadinovic, Milan"]
[Black "Grbic, Milorad"]
[Result "1/2-1/2"]
[WhiteElo "2177"]
[BlackElo "2296"]
[PlyCount "57"]
[EventDate "2013.10.12"]
[EventType "team-tourn"]
[EventRounds "11"]
[EventCountry "SRB"]
[SourceTitle "EXT 2014"]
[Source "ChessBase"]
[SourceDate "2013.11.20"]
[SourceVersion "1"]
[SourceVersionDate "2013.11.20"]
[SourceQuality "1"]
[WhiteTeam "Belgrade PTT"]
[BlackTeam "Grocka"]
[WhiteTeamCountry "SRB"]
[BlackTeamCountry "SRB"]

1. Nf3 d5 2. c4 c6 3. b3 Nf6 4. Bb2 Bf5 5. g3 Nbd7 6. Bg2 e6 7. 0-0 Bd6 8. Nh4 Be4 9. Bxe4 Nxe4 10. d3 Nef6 11. Nd2 0-0 12. Qc2 Qe7 13. Rae1 Bb4 14. e4 dxe4 15. dxe4 Rfd8 16. Re2 Nc5 17. e5 Ng4 18. h3 Nh6 19. Ne4 Nxe4 20. Qxe4 Rd7 21. Bc1 Rad8 22. Bxh6 gxh6 23. Nf3 Rd3 24. Kg2 a5 25. Qf4 Kg7 26. Qg4+ Kh8 27. Qf4 Kg7 28. Qg4+ Kh8 29. Qf4 1/2-1/2

[Event "SRB-chT"]
[Site "Belgrade"]
[Date "2010.10.04"]
[Round "4"]
[White "Popovic, Aleksandar M"]
[Black "Grbic, Milorad"]
[Result "1-0"]
[WhiteElo "2271"]
[BlackElo "2305"]
[PlyCount "77"]
[EventDate "2010.10.01"]
[EventType "team-tourn"]
[EventRounds "11"]
[EventCountry "YUG"]
[SourceTitle "CBM 138 Extra"]
[Source "ChessBase"]
[SourceDate "2010.10.29"]
[SourceVersion "1"]
[SourceVersionDate "2010.10.29"]
[SourceQuality "1"]

1. e4 e5 2. Nf3 Nf6 3. Nxe5 d6 4. Nf3 Nxe4 5. Nc3 Nf6 6. d4 Be7 7. Bf4 Bf5 8. Bd3 Qd7 9. 0-0 0-0 10. Re1 Bg4 11. h3 Bh5 12. g4 Bg6 13. Bf1 Nc6 14. a3 Rfe8 15. Bg3 Bf8 16. Qd2 Ne4 17. Nxe4 Bxe4 18. Ng5 Bg6 19. f4 h6 20. d5 Ne7 21. Nf3 f5 22. g5 Bf7 23. c4 Ng6 24. h4 Ne7 25. Rad1 b5 26. b3 Bh5 27. Re3 hxg5 28. hxg5 bxc4 29. bxc4 g6 30. Rde1 Bxf3 31. Rxf3 Rab8 32. Bf2 Qa4 33. Bd4 Rb3 34. Rxb3 Qxb3 35. Qe2 Qg3+ 36. Bg2 Nc6 37. Qxe8 Nxd4 38. Re3 Qxf4 39. Qxg6+ 1-0

[Event "Belgrade-chT"]
[Site "Belgrade"]
[Date "2009.10.08"]
[Round "5"]
[White "Jovic, Aleksandar"]
[Black "Grbic, Milorad"]
[Result "1-0"]
[WhiteElo "2364"]
[BlackElo "2319"]
[PlyCount "95"]
[EventDate "2009.10.04"]
[EventType "team-tourn"]
[EventRounds "9"]
[EventCountry "YUG"]
[SourceTitle "CBM 132 Extra"]
[Source "ChessBase"]
[SourceDate "2009.11.03"]
[SourceVersion "1"]
[SourceVersionDate "2009.11.03"]
[SourceQuality "1"]

1. c4 c6 2. g3 g6 3. Bg2 Bg7 4. Nc3 e5 5. e4 Ne7 6. Nge2 0-0 7. 0-0 d6 8. d4 Bg4 9. h3 Bxe2 10. Nxe2 Nd7 11. Be3 Qc7 12. Qd2 c5 13. dxc5 dxc5 14. Nc3 Nc6 15. Nd5 Qd6 16. f4 Nd4 17. f5 Rfd8 18. Qf2 f6 19. h4 Nb6 20. b3 Nxd5 21. exd5 gxf5 22. Bh3 e4 23. Kg2 Qe5 24. Bxf5 Nxf5 25. Qxf5 Qxf5 26. Rxf5 b6 27. Raf1 a5 28. a4 Ra7 29. Kf2 Re8 30. Ke2 Rae7 31. g4 Re5 32. Rxe5 Rxe5 33. Bf4 Re8 34. Bc7 Kf7 35. Rf4 Re7 36. d6 Rd7 37. g5 f5 38. Rxf5+ Ke6 39. Rf4 Be5 40. Rf8 Bxd6 41. Rf6+ Ke7 42. Bxd6+ Rxd6 43. Rxd6 Kxd6 44. Ke3 Ke5 45. h5 Kf5 46. g6 hxg6 47. hxg6 Kxg6 48. Kxe4 1-0

[Event "Belgrade-chT"]
[Site "Belgrade"]
[Date "2005.10.09"]
[Round "9"]
[White "Grbic, Milorad"]
[Black "Djokic, Nenad"]
[Result "0-1"]
[WhiteElo "2325"]
[BlackElo "2310"]
[PlyCount "107"]
[EventDate "2005.10.01"]
[EventType "team-tourn"]
[EventRounds "9"]
[EventCountry "YUG"]
[SourceTitle "CBM 108 Extra"]
[Source "ChessBase"]
[SourceDate "2005.11.04"]
[SourceVersion "1"]
[SourceVersionDate "2005.11.04"]
[SourceQuality "1"]

1. e4 c5 2. Nf3 Nc6 3. c3 d5 4. exd5 Qxd5 5. d4 e6 6. Be2 cxd4 7. cxd4 Nf6 8. Nc3 Qd6 9. 0-0 Be7 10. Nb5 Qd8 11. Bf4 Nd5 12. Bg3 a6 13. Nc3 0-0 14. Ne5 Nxc3 15. bxc3 Bd7 16. Bf3 Rc8 17. Nxd7 Qxd7 18. Qa4 Rfd8 19. Rab1 Ne5 20. Bd1 Nc4 21. Qxd7 Rxd7 22. Bf4 Na3 23. Rc1 Bd6 24. Be3 Rdc7 25. Bf3 g6 26. Rfd1 b5 27. Kf1 Nc4 28. Ke2 Nb2 29. Rd2 Na4 30. c4 Rxc4 31. Rxc4 Rxc4 32. Bb7 a5 33. d5 e5 34. f3 Kf8 35. Bc6 Nc3+ 36. Kd3 Nb1 37. Rb2 Rc3+ 38. Ke2 Na3 39. Bd2 Rc5 40. Be3 Rc4 41. Kd3 Bb4 42. Rb3 f5 43. Bb6 e4+ 44. fxe4 fxe4+ 45. Ke3 Ke7 46. g4 a4 47. Rxa3 Bxa3 48. Bxb5 Bc5+ 49. Bxc5+ Rxc5 50. Bxa4 Kd6 51. Bb3 Ke5 52. h4 Rc3+ 53. Kf2 Kf4 54. h5 0-1